000 00673cam a22002533a 4500
001 25428
003 PGUSA
005 20140828083539.0
008 080511s2008||||xxu|||||s|||||000 | eng d
040 _aPGUSA
_beng
042 _adc
050 4 _aPZ
100 1 _aUnknown
245 1 0 _aAnecdotes of Animals
_h[electronic resource] /
_cUnknown
260 _bProject Gutenberg,
_c2008
506 _aPublic domain in the USA.
516 _aElectronic text
653 _aAnimals -- Humor
653 _aAnimals -- Anecdotes
700 1 _aBillinghurst, Percy J.
830 0 _aProject Gutenberg
_v25428
856 4 0 _uhttp://www.gutenberg.org/ebooks/25428
942 _cEB
999 _c254683
_d254683